Statistics for Countries by Incomplete Flag #2

Click here to take the quiz!

General Stats

  • This quiz has been taken 86 times
  • The average score is 10 of 12

Answers on the Map

Answers color-coded by a green-red scale on the quiz's map according to % correct below.
 

Answer Stats

Country% Correct
Israel
100%
India
95%
New Zealand
94%
Cuba
92%
Pakistan
90%
Uruguay
90%
Liberia
86%
Montenegro
81%
Andorra
75%
Liechtenstein
74%
Tajikistan
64%
Mauritania
61%

Score Distribution

Percentile by Number Answered

Percent of People with Each Score

Your Score History

You have not taken this quiz